[Event "Wch Blitz (Women)"]
[Site "Almaty"]
[Date "2022.12.30"]
[Round "11"]
[White "Kairbekova, Amina"]
[Black "Muminova, Nafisa"]
[Result "1-0"]
[WhiteElo "2064"]
[BlackElo "2258"]
[PlyCount "75"]
[EventDate "2022.12.29"]
[EventType "swiss (blitz)"]
[EventRounds "17"]
[EventCountry "KAZ"]
[SourceTitle "CBM 211 Extra"]
[Source "ChessBase"]
[SourceDate "2023.01.31"]
[SourceVersion "1"]
[SourceVersionDate "2023.01.31"]
[SourceQuality "1"]

1. e4 e6 2. d4 d5 3. Nc3 Nf6 4. e5 Nfd7 5. f4 c5 6. Nf3 Nc6 7. Be3 Qb6 8. Na4 Qa5+ 9. c3 b6 10. Bd2 c4 11. b4 Nxb4 12. cxb4 Bxb4 13. Rc1 Bxd2+ 14. Nxd2 b5 15. Nc5 Nxc5 16. dxc5 0-0 17. h4 Bb7 18. h5 h6 19. Rh3 d4 20. Rg3 f5 21. Kf2 d3 22. Kg1 Bd5 23. Bxd3 cxd3 24. Rxd3 Rac8 25. a3 b4 26. axb4 Qxb4 27. Nf3 Rxc5 28. Rxc5 Qxc5+ 29. Kh2 Rc8 30. Nd4 a5 31. Nxf5 Rf8 32. Ne3 Rxf4 33. Nxd5 exd5 34. Rxd5 Qc3 35. Rd8+ Kh7 36. g3 Rf2+ 37. Kh3 Rf3 38. Qb1+ 1-0

[Event "Wch Blitz (Women)"]
[Site "Almaty"]
[Date "2022.12.30"]
[Round "14"]
[White "Muminova, Nafisa"]
[Black "Kurmangaliyeva, Liya"]
[Result "1-0"]
[WhiteElo "2258"]
[BlackElo "2081"]
[PlyCount "65"]
[EventDate "2022.12.29"]
[EventType "swiss (blitz)"]
[EventRounds "17"]
[EventCountry "KAZ"]
[SourceTitle "CBM 211 Extra"]
[Source "ChessBase"]
[SourceDate "2023.01.31"]
[SourceVersion "1"]
[SourceVersionDate "2023.01.31"]
[SourceQuality "1"]

1. e4 c5 2. Nf3 Nc6 3. Bb5 g6 4. 0-0 Bg7 5. Re1 Nf6 6. c3 0-0 7. d3 d6 8. h3 e5 9. Nbd2 h6 10. Nf1 Be6 11. Ng3 Re8 12. d4 exd4 13. cxd4 cxd4 14. Nxd4 Bd7 15. Nb3 Qb6 16. Bf1 Ne5 17. Be3 Qc7 18. Rc1 Nc6 19. Bf4 Rad8 20. Qd2 Kh7 21. Bxd6 Qb6 22. Qf4 Rc8 23. e5 Nd5 24. Qxf7 Be6 25. Qf3 a5 26. Nc5 Bg8 27. Bc4 Nxe5 28. Bxe5 Rxc5 29. Bxg7 Rxe1+ 30. Rxe1 Kxg7 31. Bxd5 Rxd5 32. Re7+ Kh8 33. Qf8 1-0

[Event "Wch Blitz (Women)"]
[Site "Almaty"]
[Date "2022.12.29"]
[Round "9"]
[White "Druzhinina, Olga"]
[Black "Muminova, Nafisa"]
[Result "1-0"]
[WhiteElo "2014"]
[BlackElo "2258"]
[PlyCount "189"]
[EventDate "2022.12.29"]
[EventType "swiss (blitz)"]
[EventRounds "17"]
[EventCountry "KAZ"]
[SourceTitle "CBM 211 Extra"]
[Source "ChessBase"]
[SourceDate "2023.01.31"]
[SourceVersion "1"]
[SourceVersionDate "2023.01.31"]
[SourceQuality "1"]

1. e4 e6 2. d4 d5 3. Nd2 h6 4. Ngf3 Nf6 5. Bd3 c5 6. exd5 exd5 7. dxc5 Bxc5 8. 0-0 0-0 9. Nb3 Bb6 10. h3 Nc6 11. c3 Qd6 12. Nbd4 a6 13. Be3 Bc7 14. Nf5 Bxf5 15. Bxf5 Ne5 16. g3 Nc4 17. Bf4 Qb6 18. Bxc7 Qxc7 19. Qc2 Rad8 20. Rad1 Rfe8 21. Rfe1 Nd6 22. Bd3 Nde4 23. Kg2 Nc5 24. Nd4 Nfe4 25. Re3 Re7 26. Rde1 Rde8 27. Nf5 Re5 28. Nd4 Rg5 29. h4 Rge5 30. Nf3 R5e7 31. Nd4 Re5 32. Nf3 R5e7 33. Nd4 Qe5 34. Nf3 Qf6 35. Bf1 Nd6 36. Rxe7 Rxe7 37. Rxe7 Qxe7 38. Qd2 Qe6 39. Bd3 Nde4 40. Bxe4 dxe4 41. Nd4 Qd5 42. Qe3 g6 43. a3 a5 44. Kh2 Nd3 45. b3 Kg7 46. c4 Qe5 47. Nf3 Qe6 48. Nd2 f5 49. Qd4+ Kf7 50. Nf1 Kg8 51. Ne3 Ne5 52. Kg2 Nf3 53. Qd8+ Kf7 54. Qc7+ Kg8 55. Nd5 Ne1+ 56. Kf1 Nd3 57. Qd8+ Kf7 58. Qc7+ Kg8 59. Qd8+ Kf7 60. Qc7+ Kg8 61. Qd8+ Kg7 62. Qc7+ Qf7 63. Qd6 Nc1 64. b4 axb4 65. axb4 Nd3 66. c5 Qe8 67. Qc7+ Qf7 68. Qd6 Nb2 69. b5 Nc4 70. Qd8 Ne5 71. Qe7 Qxe7 72. Nxe7 Kf7 73. Nd5 Ke6 74. Nf4+ Kf6 75. Ke2 g5 76. hxg5+ hxg5 77. Nd5+ Ke6 78. Nc3 Nd3 79. c6 bxc6 80. bxc6 Kd6 81. g4 Kxc6 82. gxf5 Nc5 83. Ke3 Kd7 84. Nxe4 Nxe4 85. Kxe4 Kd6 86. Kd4 g4 87. Ke4 Ke7 88. Kf4 Kf6 89. Kxg4 Kf7 90. Kg5 Kg7 91. f6+ Kf7 92. Kf5 Kf8 93. Ke6 Ke8 94. f7+ Kf8 95. f3 1-0

[Event "Wch Blitz (Women)"]
[Site "Almaty"]
[Date "2022.12.29"]
[Round "6"]
[White "Muminova, Nafisa"]
[Black "Ovod, Evgenija"]
[Result "0-1"]
[WhiteElo "2258"]
[BlackElo "2195"]
[PlyCount "51"]
[EventDate "2022.12.29"]
[EventType "swiss (blitz)"]
[EventRounds "17"]
[EventCountry "KAZ"]
[SourceTitle "CBM 211 Extra"]
[Source "ChessBase"]
[SourceDate "2023.01.31"]
[SourceVersion "1"]
[SourceVersionDate "2023.01.31"]
[SourceQuality "1"]

1. e4 e5 2. Nf3 Nc6 3. d4 exd4 4. Nxd4 Bb4+ 5. c3 Bc5 6. Nb3 Bb6 7. Qe2 d6 8. Be3 Nf6 9. N1d2 0-0 10. 0-0-0 Re8 11. f3 d5 12. Bg5 Qe7 13. Qd3 Ne5 14. Qc2 h6 15. Bxf6 Qxf6 16. exd5 Bf5 17. Ne4 Qg6 18. Nd4 Bxe4 19. fxe4 Ng4 20. Re1 Bxd4 21. cxd4 c6 22. dxc6 Rac8 23. c7 Re7 24. Kb1 Rcxc7 25. Qd3 Nf2 26. Qf3 0-1

[Event "Wch Rapid (Women)"]
[Site "Almaty"]
[Date "2022.12.28"]
[Round "10"]
[White "Muminova, Nafisa"]
[Black "Khademalsharieh, Sarasadat"]
[Result "0-1"]
[WhiteElo "2242"]
[BlackElo "2411"]
[PlyCount "100"]
[EventDate "2022.12.26"]
[EventType "swiss (rapid)"]
[EventRounds "11"]
[EventCountry "KAZ"]
[SourceTitle "CBM 211 Extra"]
[Source "ChessBase"]
[SourceDate "2023.01.31"]
[SourceVersion "1"]
[SourceVersionDate "2023.01.31"]
[SourceQuality "1"]

1. e4 e5 2. Nf3 Nc6 3. d4 exd4 4. Nxd4 Nf6 5. Nxc6 bxc6 6. e5 Qe7 7. Qe2 Nd5 8. h4 Qe6 9. c4 Nb6 10. Nd2 d6 11. Nf3 dxe5 12. Bd2 f6 13. Qe4 Bd7 14. 0-0-0 c5 15. h5 Bc6 16. Qc2 0-0-0 17. Nh4 e4 18. Rh3 Rd4 19. b3 Be7 20. Re1 f5 21. Nf3 Rd7 22. Bf4 Bf6 23. Ng5 Qe7 24. Rg3 Be5 25. Bxe5 Qxe5 26. Qc3 Qd4 27. Ne6 Qxf2 28. Rxg7 Re8 29. Rxd7 Bxd7 30. Ng7 Re7 31. h6 Qf4+ 32. Qe3 Qe5 33. Bd3 f4 34. Qe2 Bc6 35. Bc2 Qg5 36. Qh5 Qg3 37. Rf1 Qc3 38. Qf5+ Kb7 39. Qxf4 e3 40. Nf5 Qa1+ 41. Bb1 Be4 42. Nxe3 Qxb1+ 43. Kd2 Qd3+ 44. Kc1 Qc3+ 45. Kd1 Rd7+ 46. Nd5 Bxd5 47. cxd5 Rxd5+ 48. Ke2 Qc2+ 49. Ke3 Rd3+ 50. Ke4 Rd4+ 0-1

[Event "Wch Rapid (Women)"]
[Site "Almaty"]
[Date "2022.12.27"]
[Round "7"]
[White "Kosteniuk, Alexandra"]
[Black "Muminova, Nafisa"]
[Result "1-0"]
[WhiteElo "2537"]
[BlackElo "2242"]
[PlyCount "61"]
[EventDate "2022.12.26"]
[EventType "swiss (rapid)"]
[EventRounds "11"]
[EventCountry "KAZ"]
[SourceTitle "CBM 211 Extra"]
[Source "ChessBase"]
[SourceDate "2023.01.31"]
[SourceVersion "1"]
[SourceVersionDate "2023.01.31"]
[SourceQuality "1"]

1. e4 e6 2. d4 d5 3. e5 c5 4. c3 Nc6 5. Nf3 Qb6 6. Be2 Bd7 7. 0-0 Rc8 8. dxc5 Bxc5 9. b4 Bf8 10. Na3 a6 11. Re1 Nge7 12. b5 Na5 13. Be3 Qc7 14. bxa6 bxa6 15. Bxa6 Rb8 16. Qd3 Nf5 17. Nb5 Qd8 18. Bg5 Be7 19. Bxe7 Qxe7 20. g4 Nh4 21. Nd6+ Kf8 22. Rab1 Ra8 23. Nxh4 Qxh4 24. Qf3 f6 25. Bb7 Rd8 26. Bxd5 h5 27. exf6 gxf6 28. Bxe6 Bc6 29. Qf4 hxg4 30. Nf5 Qh3 31. Qb4+ 1-0

[Event "Titled Tuesday intern op 20th Dec Early"]
[Site "Chess.com INT"]
[Date "2022.12.20"]
[Round "6"]
[White "Bochnicka, Vladimir1111"]
[Black "Muminova, Nafisa"]
[Result "1-0"]
[WhiteElo "2367"]
[BlackElo "2274"]
[PlyCount "97"]
[EventDate "2022.12.20"]
[EventType "swiss (blitz)"]
[EventRounds "11"]
[EventCountry "USA"]
[SourceTitle "EXT 2024"]
[Source "ChessBase"]
[SourceDate "2023.10.10"]
[SourceVersion "1"]
[SourceVersionDate "2023.10.10"]
[SourceQuality "1"]

1. e4 e6 2. d4 d5 3. Nd2 Nf6 4. e5 Nfd7 5. Bd3 c5 6. c3 Nc6 7. Ne2 cxd4 8. cxd4 f6 9. exf6 Qxf6 10. 0-0 Bd6 11. Nf3 0-0 12. Bg5 Qf7 13. Be3 h6 14. Ng3 e5 15. Nf5 Bc7 16. Bxh6 e4 17. N3h4 exd3 18. Bxg7 Qxf5 19. Nxf5 Rxf5 20. Qg4 Rf4 21. Qg3 Kf7 22. Bh6 Nxd4 23. Qg7+ Ke6 24. Bxf4 Ne2+ 25. Kh1 Bxf4 26. g3 Be5 27. Qg6+ Nf6 28. Qxd3 Kd6 29. Qxe2 Bf5 30. Rfe1 Re8 31. Qb5 Be4+ 32. Kg1 Rh8 33. h4 Ng4 34. Qb4+ Ke6 35. Rxe4 dxe4 36. Qxe4 Nf6 37. Qxb7 Bd4 38. Re1+ Kf5 39. Kg2 Rg8 40. Qb5+ Kg6 41. Qd3+ Kh6 42. Qxd4 Rg6 43. Re6 Kg7 44. h5 Rh6 45. Rxf6 Rxf6 46. g4 Kf7 47. Qxf6+ Kxf6 48. f4 Ke6 49. Kf3 1-0

[Event "Titled Tuesday intern op 20th Dec Early"]
[Site "Chess.com INT"]
[Date "2022.12.20"]
[Round "7"]
[White "Muminova, Nafisa"]
[Black "Ivanov, Mike"]
[Result "1-0"]
[WhiteElo "2274"]
[BlackElo "2319"]
[PlyCount "91"]
[EventDate "2022.12.20"]
[EventType "swiss (blitz)"]
[EventRounds "11"]
[EventCountry "USA"]
[SourceTitle "EXT 2024"]
[Source "ChessBase"]
[SourceDate "2023.10.10"]
[SourceVersion "1"]
[SourceVersionDate "2023.10.10"]
[SourceQuality "1"]

1. e4 c5 2. Nf3 e6 3. d4 cxd4 4. Nxd4 Nc6 5. Nc3 Qc7 6. Be2 Nf6 7. 0-0 a6 8. a4 d6 9. Be3 Be7 10. Kh1 0-0 11. f4 Na5 12. Bd3 Nc4 13. Bc1 b6 14. Qf3 Bb7 15. Qh3 g6 16. Nxe6 fxe6 17. Qxe6+ Kg7 18. Qxc4 Qxc4 19. Bxc4 Nxe4 20. Nxe4 Bxe4 21. Re1 d5 22. Bxd5 Bxd5 23. Rxe7+ Kf6 24. Re5 Bb7 25. Be3 Rad8 26. c3 Rd6 27. Bd4 Kf7 28. Rae1 Rd7 29. Bxb6 Rc8 30. Bd4 Rc4 31. b4 h5 32. Kg1 h4 33. Kf2 Rc8 34. R1e2 Bd5 35. f5 g5 36. f6 Kg6 37. Re7 Rdd8 38. Rg7+ Kh6 39. Ree7 Bc6 40. Rh7+ Kg6 41. Rhg7+ Kf5 42. Re5+ Kf4 43. g3+ hxg3+ 44. hxg3+ Kg4 45. Rexg5+ Kh3 46. Rh7# 1-0

[Event "Titled Tuesday intern op 20th Dec Early"]
[Site "Chess.com INT"]
[Date "2022.12.20"]
[Round "4"]
[White "Muminova, Nafisa"]
[Black "Johnson, Ben"]
[Result "1-0"]
[WhiteElo "2274"]
[BlackElo "2050"]
[PlyCount "73"]
[EventDate "2022.12.20"]
[EventType "swiss (blitz)"]
[EventRounds "11"]
[EventCountry "USA"]
[SourceTitle "EXT 2024"]
[Source "ChessBase"]
[SourceDate "2023.10.10"]
[SourceVersion "1"]
[SourceVersionDate "2023.10.10"]
[SourceQuality "1"]

1. e4 c5 2. Nf3 Nc6 3. Bb5 g6 4. c3 Bg7 5. d4 cxd4 6. cxd4 Nf6 7. Nc3 0-0 8. e5 Ne8 9. 0-0 Nc7 10. Bd3 d5 11. Be3 Bg4 12. h3 Bxf3 13. Qxf3 f6 14. exf6 Rxf6 15. Qg4 Qc8 16. Qh4 e5 17. Bg5 Rf7 18. dxe5 Nxe5 19. Bc2 d4 20. Ne4 Ne6 21. Bb3 Kh8 22. Nd6 Qd7 23. Nxf7+ Qxf7 24. Rfe1 Re8 25. Rad1 Qf5 26. Bh6 Nf7 27. Bxg7+ Kxg7 28. Bxe6 Rxe6 29. Qxd4+ Kh6 30. Rxe6 Qxe6 31. Qe3+ Qxe3 32. fxe3 Ne5 33. b3 Kg5 34. Rd6 Kf5 35. Kf2 Ke4 36. g4 b5 37. Rd4# 1-0

[Event "Titled Tuesday intern op 20th Dec Early"]
[Site "Chess.com INT"]
[Date "2022.12.20"]
[Round "3"]
[White "Muminova, Nafisa"]
[Black "Martinez Alcantara, Jose Eduardo"]
[Result "0-1"]
[WhiteElo "2274"]
[BlackElo "2597"]
[PlyCount "72"]
[EventDate "2022.12.20"]
[EventType "swiss (blitz)"]
[EventRounds "11"]
[EventCountry "USA"]
[SourceTitle "EXT 2024"]
[Source "ChessBase"]
[SourceDate "2023.10.10"]
[SourceVersion "1"]
[SourceVersionDate "2023.10.10"]
[SourceQuality "1"]

1. e4 c5 2. Nf3 d6 3. d4 cxd4 4. Nxd4 Nf6 5. Nc3 Nc6 6. Be2 e5 7. Nb3 Be7 8. 0-0 0-0 9. Be3 Qc7 10. f4 exf4 11. Rxf4 Be6 12. Qe1 a6 13. Qg3 d5 14. exd5 Nxd5 15. Nxd5 Bxd5 16. Rxf7 Qxg3 17. Rxf8+ Bxf8 18. hxg3 Re8 19. Kf2 Nb4 20. Nd4 Bc5 21. Rd1 Rxe3 22. Kxe3 Nxc2+ 23. Kf4 Nxd4 24. Ke5 Bxg2 25. Bc4+ Kf8 26. Rxd4 Bxd4+ 27. Kxd4 Ke7 28. Ke5 Bc6 29. Bg8 h6 30. b3 b6 31. a4 a5 32. Bc4 Bd7 33. Bg8 Be8 34. Bc4 g5 35. Kf5 Bf7 36. Bb5 Bh5 0-1

[Event "Titled Tuesday intern op 20th Dec Early"]
[Site "Chess.com INT"]
[Date "2022.12.20"]
[Round "2"]
[White "Tologontegin, Semetey"]
[Black "Muminova, Nafisa"]
[Result "1-0"]
[WhiteElo "2394"]
[BlackElo "2274"]
[PlyCount "107"]
[EventDate "2022.12.20"]
[EventType "swiss (blitz)"]
[EventRounds "11"]
[EventCountry "USA"]
[SourceTitle "EXT 2024"]
[Source "ChessBase"]
[SourceDate "2023.10.10"]
[SourceVersion "1"]
[SourceVersionDate "2023.10.10"]
[SourceQuality "1"]

1. e4 e6 2. d4 d5 3. e5 c5 4. c3 Nc6 5. Nf3 Qb6 6. Be2 cxd4 7. cxd4 Bd7 8. 0-0 Rc8 9. Nc3 Nh6 10. Bxh6 gxh6 11. a3 Rg8 12. Na4 Qd8 13. Rc1 b6 14. b4 h5 15. Ba6 Rb8 16. Nc3 h4 17. h3 Bh6 18. Rc2 Ne7 19. Nb5 Nf5 20. Qd3 Kf8 21. Rb1 Kg7 22. Rb3 Kh8 23. Rbc3 Rg6 24. Rc7 Qe7 25. Nxa7 Rbg8 26. Qf1 Qd8 27. Bc8 Ba4 28. R2c3 Qf8 29. Bd7 Bxd7 30. Rxd7 Qg7 31. Rc8 Rxg2+ 32. Kh1 Rg3 33. Rxg8+ Qxg8 34. Nc6 Rxf3 35. Rd8 Qxd8 36. Nxd8 Ng3+ 37. Kg2 Nxf1 38. Kxf3 Nd2+ 39. Ke2 Kg7 40. a4 Nb3 41. Nc6 Bd2 42. Kd3 Be1 43. f3 f6 44. exf6+ Kxf6 45. Kc2 Nd2 46. a5 bxa5 47. bxa5 Nc4 48. a6 Nb6 49. a7 Na8 50. Kb3 Kf5 51. Ka4 Bf2 52. Kb5 e5 53. Ka6 exd4 54. Nb4 1-0

[Event "Titled Tuesday intern op 06th Dec Early"]
[Site "Chess.com INT"]
[Date "2022.12.06"]
[Round "10"]
[White "Tasev, Dejan"]
[Black "Muminova, Nafisa"]
[Result "1-0"]
[WhiteElo "2205"]
[BlackElo "2274"]
[PlyCount "57"]
[EventDate "2022.12.06"]
[EventType "swiss (blitz)"]
[EventRounds "11"]
[EventCountry "USA"]
[SourceTitle "CBM 211 Extra"]
[Source "ChessBase"]
[SourceDate "2023.01.31"]
[SourceVersion "1"]
[SourceVersionDate "2023.01.31"]
[SourceQuality "1"]

1. e4 e6 2. d4 d5 3. Nc3 Nf6 4. e5 Nfd7 5. f4 c5 6. Nf3 Nc6 7. Be3 Qb6 8. Qd2 Qxb2 9. Rb1 Qa3 10. Be2 a6 11. 0-0 cxd4 12. Nxd4 Bb4 13. Rb3 Qa5 14. a3 Bc5 15. Kh1 0-0 16. f5 Ndxe5 17. f6 gxf6 18. Rxf6 Be7 19. Bg5 Qc5 20. Nxc6 bxc6 21. Na4 Nc4 22. Qf4 Qd6 23. Qh4 Qe5 24. Rh3 Qe4 25. Qh5 Ne5 26. Nc3 Qxc2 27. Rg3 Ng6 28. Qh6 Bxf6 29. Bxf6 1-0

[Event "Titled Tuesday intern op 06th Dec Early"]
[Site "Chess.com INT"]
[Date "2022.12.06"]
[Round "2"]
[White "Tatarinov, Dmitry"]
[Black "Muminova, Nafisa"]
[Result "1/2-1/2"]
[WhiteElo "2310"]
[BlackElo "2274"]
[PlyCount "137"]
[EventDate "2022.12.06"]
[EventType "swiss (blitz)"]
[EventRounds "11"]
[EventCountry "USA"]
[SourceTitle "CBM 211 Extra"]
[Source "ChessBase"]
[SourceDate "2023.01.31"]
[SourceVersion "1"]
[SourceVersionDate "2023.01.31"]
[SourceQuality "1"]

1. e4 e6 2. d4 d5 3. Nd2 c5 4. exd5 Qxd5 5. Ngf3 cxd4 6. Bc4 Qd7 7. Nb3 Nc6 8. Nbxd4 Nxd4 9. Qxd4 Qxd4 10. Nxd4 Bd7 11. Be3 Rc8 12. Bd3 Nf6 13. c3 Nd5 14. Bd2 a6 15. 0-0 Bc5 16. Nb3 Bd6 17. Rfe1 Nf4 18. Be4 Bc6 19. Bxc6+ Rxc6 20. Na5 Rc7 21. Bxf4 Bxf4 22. g3 Bd6 23. Rad1 Ke7 24. Kg2 Rd8 25. h4 b6 26. Nb3 g6 27. h5 Rcd7 28. Nd4 Rc7 29. Nf3 Rcd7 30. h6 Bc5 31. Rxd7+ Rxd7 32. b4 Bd6 33. Ng5 Rd8 34. f4 Rc8 35. Re3 a5 36. a3 axb4 37. axb4 b5 38. Kf3 Bb8 39. Ke2 e5 40. fxe5 Re8 41. Kd3 Rd8+ 42. Kc2 f6 43. exf6+ Kxf6 44. Nxh7+ Kf5 45. Kb3 Be5 46. Ng5 Bf6 47. Ne6 Rh8 48. Nd4+ Bxd4 49. cxd4 Rxh6 50. Re5+ Kg4 51. Rxb5 Kxg3 52. Rb8 Kf4 53. Kc4 g5 54. Rg8 g4 55. b5 g3 56. Kc5 Rh5+ 57. d5 Rg5 58. Rf8+ Ke4 59. Rf1 Rxd5+ 60. Kc6 Rd2 61. Rb1 g2 62. b6 Kf3 63. b7 Rd8 64. Kc7 Rg8 65. Rb3+ Kf2 66. Rb2+ Kf1 67. Rxg2 Kxg2 68. b8Q Rxb8 69. Kxb8 1/2-1/2

[Event "Titled Tuesday intern op 15th Nov Early"]
[Site "Chess.com INT"]
[Date "2022.11.15"]
[Round "7"]
[White "Muminova, Nafisa"]
[Black "Torres Dominguez, David"]
[Result "1-0"]
[WhiteElo "2274"]
[BlackElo "1998"]
[PlyCount "65"]
[EventDate "2022.11.15"]
[EventType "swiss (blitz)"]
[EventRounds "11"]
[EventCountry "USA"]
[SourceTitle "CBM 211 Extra"]
[Source "ChessBase"]
[SourceDate "2023.01.31"]
[SourceVersion "1"]
[SourceVersionDate "2023.01.31"]
[SourceQuality "1"]

1. e4 Nc6 2. d4 e5 3. Nf3 exd4 4. Nxd4 Nf6 5. Nxc6 bxc6 6. e5 Qe7 7. Qe2 Nd5 8. c4 Ba6 9. Nd2 g6 10. Nf3 Bg7 11. Bg5 Qb4+ 12. Qd2 Qxd2+ 13. Bxd2 Nb6 14. b3 d6 15. 0-0-0 dxe5 16. Nxe5 0-0 17. Bf4 c5 18. Nd3 Bb7 19. Nxc5 Bc6 20. f3 a5 21. Bxc7 Nc8 22. Bd3 a4 23. b4 a3 24. b5 Bb2+ 25. Kc2 Be8 26. Be4 Ra7 27. Bb8 Re7 28. Rhe1 Nb6 29. Bd6 Rxe4 30. Rxe4 f5 31. Ree1 Nxc4 32. Bxf8 Kxf8 33. Rd8 1-0

[Event "Titled Tuesday intern op 15th Nov Early"]
[Site "Chess.com INT"]
[Date "2022.11.15"]
[Round "8"]
[White "Salman, Pavel"]
[Black "Muminova, Nafisa"]
[Result "1-0"]
[WhiteElo "2287"]
[BlackElo "2274"]
[PlyCount "57"]
[EventDate "2022.11.15"]
[EventType "swiss (blitz)"]
[EventRounds "11"]
[EventCountry "USA"]
[SourceTitle "CBM 211 Extra"]
[Source "ChessBase"]
[SourceDate "2023.01.31"]
[SourceVersion "1"]
[SourceVersionDate "2023.01.31"]
[SourceQuality "1"]

1. d4 Nf6 2. Nc3 d5 3. Bf4 Bf5 4. Nb5 Na6 5. e3 e6 6. f3 c6 7. Nc3 Bb4 8. g4 Bg6 9. h4 h5 10. g5 Nd7 11. Bd3 Bxd3 12. Qxd3 c5 13. a3 cxd4 14. exd4 Qa5 15. Nge2 Rc8 16. Kf2 Be7 17. Rae1 Qb6 18. Nb5 Nab8 19. g6 f6 20. Nec3 Kf8 21. Rxe6 Qxe6 22. Re1 Qh3 23. Nxd5 Nc6 24. Qe3 Re8 25. Nd6 Qxh4+ 26. Kg1 Qxe1+ 27. Qxe1 Bxd6 28. Bxd6+ Kg8 29. Qxe8+ 1-0

[Event "Titled Tuesday intern op 08th Nov Early"]
[Site "Chess.com INT"]
[Date "2022.11.08"]
[Round "11"]
[White "Martin, Lewis"]
[Black "Muminova, Nafisa"]
[Result "0-1"]
[WhiteElo "2135"]
[BlackElo "2274"]
[PlyCount "132"]
[EventDate "2022.11.08"]
[EventType "swiss (blitz)"]
[EventRounds "11"]
[EventCountry "USA"]
[SourceTitle "EXT 2024"]
[Source "ChessBase"]
[SourceDate "2023.10.10"]
[SourceVersion "1"]
[SourceVersionDate "2023.10.10"]
[SourceQuality "1"]

1. e4 e6 2. d4 d5 3. Nd2 Nf6 4. e5 Nfd7 5. f4 c5 6. c3 Nc6 7. Ndf3 Qa5 8. Kf2 b6 9. Ne2 Ba6 10. a3 Bxe2 11. Bxe2 c4 12. b3 b5 13. a4 Qxc3 14. Bd2 Qxb3 15. Qxb3 cxb3 16. axb5 Nb4 17. Rhb1 Nc2 18. Ra4 Nb6 19. Ra6 Bb4 20. Rxb3 Bxd2 21. Nxd2 Nxd4 22. Rba3 0-0 23. Rxa7 f6 24. exf6 gxf6 25. Bd3 Rxa7 26. Rxa7 Rf7 27. Rxf7 Kxf7 28. Bxh7 f5 29. Ke3 Nxb5 30. Nf3 Nc4+ 31. Kd3 Kg7 32. Ng5 Nbd6 33. Kd4 Nf7 34. Nxe6+ Kxh7 35. Kxd5 Ne3+ 36. Kc6 Nxg2 37. Kd7 Kg6 38. Ke7 Nh6 39. h3 Ng8+ 40. Kd6 Nf6 41. Ke5 Nd7+ 42. Kd6 Nf6 43. Ke5 Nh4 44. Nf8+ Kf7 45. Ne6 Ke7 46. Ng5 Nd7+ 47. Kd5 Nf6+ 48. Ke5 Nd7+ 49. Kd5 Kf6 50. Kd6 Nb6 51. Kc5 Na4+ 52. Kd4 Nb6 53. Kc5 Nc8 54. Kd5 Ne7+ 55. Kd4 Ng8 56. Ke3 Nh6 57. Kf2 Nf7 58. Kg3 Nxg5 59. Kxh4 Ne4 60. Kh5 Ng3+ 61. Kh4 Ne2 62. Kh5 Nxf4+ 63. Kh6 Ng2 64. h4 Nxh4 65. Kh5 Ng2 66. Kh6 f4 0-1

[Event "Titled Tuesday intern op 01st Nov Early"]
[Site "Chess.com INT"]
[Date "2022.11.01"]
[Round "3"]
[White "Muminova, Nafisa"]
[Black "Guerrero Olmos, Sergio"]
[Result "1-0"]
[WhiteElo "2274"]
[BlackElo "2372"]
[PlyCount "87"]
[EventDate "2022.11.01"]
[EventType "swiss (blitz)"]
[EventRounds "11"]
[EventCountry "USA"]
[SourceTitle "EXT 2024"]
[Source "ChessBase"]
[SourceDate "2023.10.10"]
[SourceVersion "1"]
[SourceVersionDate "2023.10.10"]
[SourceQuality "1"]

1. e4 e6 2. d4 d5 3. e5 c5 4. c3 Nc6 5. Nf3 Qb6 6. a3 f6 7. b4 fxe5 8. Nxe5 cxd4 9. Qh5+ g6 10. Nxg6 Nf6 11. Qh4 hxg6 12. Qxh8 Kf7 13. Bg5 Bg7 14. Qh4 Ne4 15. Bd3 dxc3 16. 0-0 c2 17. Nd2 Nxg5 18. Qxg5 Ne7 19. Bxc2 Bd7 20. Nf3 Bf6 21. Ne5+ Kg7 22. Qxf6+ Kxf6 23. Nxd7+ Kf7 24. Nxb6 axb6 25. g4 Nc6 26. Bd3 Ne5 27. Be2 Rc8 28. Rac1 Rh8 29. Rc7+ Kf6 30. f4 Nc6 31. Bd3 g5 32. fxg5+ Kxg5 33. Rg7+ Kh4 34. Kg2 Ne5 35. Rh7+ Rxh7 36. Bxh7 Nxg4 37. Rf4 Kg5 38. Rxg4+ Kxg4 39. Bg8 Kf5 40. Kf3 d4 41. h4 e5 42. Bh7+ Ke6 43. Be4 b5 44. Bxb7 1-0

[Event "Titled Tuesday intern op 01st Nov Early"]
[Site "Chess.com INT"]
[Date "2022.11.01"]
[Round "4"]
[White "Stoyanov, Tsvetan"]
[Black "Muminova, Nafisa"]
[Result "1-0"]
[WhiteElo "2456"]
[BlackElo "2274"]
[PlyCount "107"]
[EventDate "2022.11.01"]
[EventType "swiss (blitz)"]
[EventRounds "11"]
[EventCountry "USA"]
[SourceTitle "EXT 2024"]
[Source "ChessBase"]
[SourceDate "2023.10.10"]
[SourceVersion "1"]
[SourceVersionDate "2023.10.10"]
[SourceQuality "1"]

1. c4 e6 2. Nc3 d5 3. e3 Nf6 4. Nf3 Be7 5. b3 0-0 6. Bb2 b6 7. cxd5 exd5 8. d4 c5 9. Be2 Bf5 10. dxc5 bxc5 11. 0-0 Nc6 12. Na4 Ne4 13. Rc1 Rc8 14. Ba6 Rc7 15. Bd3 Nb4 16. Bb1 c4 17. Nd4 Bg6 18. Nb5 Rb7 19. Nd4 Rc7 20. f3 Nd6 21. Bxg6 hxg6 22. Bc3 Nd3 23. Rc2 Bf6 24. Ba5 Bxd4 25. exd4 Nb5 26. Bxc7 Qxc7 27. bxc4 dxc4 28. Nb2 Nxd4 29. Qxd3 Nxc2 30. Qxc2 Rc8 31. Rc1 Qc5+ 32. Kh1 c3 33. Nd3 Qd4 34. Rd1 a5 35. Nf2 Qc4 36. Ne4 a4 37. Nd6 Qc7 38. Nxc8 Qxc8 39. Rd3 Qb8 40. Rxc3 Qf4 41. Rc8+ Kh7 42. Rc4 Qg5 43. Qe2 Qf6 44. h4 Qa1+ 45. Kh2 Qf6 46. Rxa4 Qd6+ 47. Kh1 Qf6 48. Rg4 Qa1+ 49. Kh2 Qf6 50. a4 Qd6+ 51. g3 Qa3 52. Rf4 Qa1 53. Rxf7 Qxa4 54. Rf4 1-0